Kralupy nad Vltavou : monografie města a okolí /

Main Author: Špecinger, Otakar, 1923-2014
Language: Czech
Published: [Praha] : Krajské osvětové středisko Středočeského KNV, 1966
Physical Description: 121 s.
Book
Saved in:
LEADER 00685nam a2200205 a 4500
001 000625688
003 CZ BrMZK
005 20020930145847.0
007 ta
008 020926s1966 xr f cze d
015 |a cnb001529610 
035 |a (OCoLC)85141401 
040 |a BOA001  |b cze  |c BOA001 
100 1 |a Špecinger, Otakar,  |d 1923-2014  |7 jk01130862  |4 aut 
245 1 0 |a Kralupy nad Vltavou :  |b monografie města a okolí /  |c Otakar Špecinger 
260 |a [Praha] :  |b Krajské osvětové středisko Středočeského KNV,  |c 1966 
300 |a 121 s. 
910 |a BOA001  |b 1-0612.712 
990 |a BK 
996 6 |b 2619219237  |c 1-0612.712  |l MZK  |r Sklad / do 1 hodiny  |n 1  |w 000625688  |u 000010  |a 1  |e BOA001  |j MZK50  |s P